Bible Characters Part 1 - Statistics

General Stats
  • This quiz has been taken 136 times
  • The average score is 13 of 15
Answer Stats
Hint Answer % Correct
Son of God Jesus
100%
First man Adam
99%
Man who made the ark Noah
99%
Killed his brother Cain
98%
First woman Eve
98%
Split the sea in half Moses
98%
Greatest King of Israel David
95%
Father of many nations Abraham
90%
Received a colorful jacket from father Joseph
90%
Baptised Jesus John the Baptist
88%
Benjamite annointed as first king Saul
86%
Married to Boaz Ruth
75%
Woman who married Persian king Esther
73%
Annointed David and Saul Samuel
63%
Son of First King og Israel Jonathan
47%
No matching quizzes found
Score Distribution
Percent of People with Each Score
Percentile by Number Answered
Your Score History
You have not taken this quiz